000 00628nam a2200205Ii 4500
003 JO-AjNU
008 230605s9999||||xx |||||||||||||| ||und||
017 _a1973/2529
040 _aJO-AjNU
_bara
_erda
_cJO-AjNU
041 _aara
050 1 4 _aPJ7862.A244.A15 1973
100 3 _aتأليف السحار، عبد الحميد جودة,
_eauthor
_936009
245 0 0 _aفي الوظيفة
264 3 1 _aالقاهرة: مكتبة مصر، 1973
300 _a186ص
336 _atext
_btxt
_2rdacontent
337 _aunmediated
_bn
_2rdamedia
338 _avolume
_bnc
_2rdacarrier
650 4 _aالأدب العربي
_936010
999 _aA14922
_c18490
_d18490